Statistics for Element Symbol by letter "O-P"

Click here to take the quiz!

General Stats

  • This quiz has been taken 20 times
  • The average score is 9 of 12

Answer Stats

HintAnswer% Correct
OOxygen
100%
OgOganesson
86%
OsOsmium
86%
PdPalladium
86%
PPhosphorus
86%
PtPlatinum
86%
PuPlutonium
86%
PoPolonium
86%
PbLead
71%
PrPraseodymium
71%
PmPromethium
57%
PaProtactinium
43%

Score Distribution

Percentile by Number Answered

Percent of People with Each Score

Your Score History

You have not taken this quiz